Vlaada Chvátil's Boardgames - Statistics

General Stats
  • This quiz has been taken 3 times
  • The average score is 3 of 16
Answer Stats
Release Year Boardgame % Correct
2015 Codenames
67%
2011 Dungeon Petz
67%
2009 Dungeon Lords
33%
2007 Galaxy Trucker
33%
2011 Mage Knight
33%
2018 Pictomania
33%
2009 Bunny Bunny Moose Moose
0%
2006 Grænaland
0%
2002 Prophecy
0%
2010 Sneak & Snitches
0%
2008 Space Alert
0%
2016 Star Trek: Frontiers
0%
2013 Tash-Kalar
0%
2017 That's a Question
0%
2006 Through the Ages
0%
2010 Travel Blog
0%
No matching quizzes found
Score Distribution
Percent of People with Each Score
Percentile by Number Answered
Your Score History
You have not taken this quiz